LEADER 01195nam a2200301 a 4500 001 000000130910 003 CaOOAMICUS 005 20121010154449.0 008 121010s1989 it u000 u ita r 020 $a88-420-3346-4 040 $aPUL$bita 041 1 $aita$heng 100 1 $aBarraclough, Geoffrey.$0(OLS)http://pul/name/83932 240 10$aIntroduction to contemporary history.$lItaliano.$0(OLS)http://pul/title/165442 245 10$aGuida alla storia contemporanea /$cGeoffrey Barraclough. 260 $aBari :$bLaterza,$c1989. 300 $a288 p. ;$c21 cm 490 1 $aBiblioteca universale Laterza ;$v268 650 4$aStoria contemporanea.$0(OLS)http://pul/subject/12218 830 0$aBiblioteca universale (Laterza) ;$v268.$0(OLS)http://pul/title/51 850 $aPUL 852 $aPUL$W1$xDP1 Fondo E. Rossi$y115$m1 B 29$j41691$qFondi$B150068$CPULBib$Z2$F150068 $82 941 1 $a1 961 $aSul dorso collocazione ms. di E. Rossi: B 26 1 996 $6020$a88-420-3346-4$9(OLS)http://pul/number/150869 996 $6245$aGuida alla storia contemporanea$9(OLS)http://pul/title/165443 996 $6260$aBari :$bLaterza$9(OLS)http://pul/publisher/47895 LEADER 01048nam a2200253 a 4500 001 000000145212 003 CaOOAMICUS 005 20150723133809.0 008 150723s1979 it u000 u ita r 040 $aPUL$bita 100 1 $aGalizzi, Mario.$0(OLS)http://pul/name/39243 245 10$aGesł vittima del potere :$bVangelo secondo Luca /$cMario Galizzi. 260 $aLeumann (Torino) :$bElle Di Ci$g1979 300 $a179 p. ;$c19 cm 490 1 $aCommenti al Nuovo Testamento 500 $aSul front.: vol. III. 630 04$aBiblia.$pN.T.$pLucas$xCritica e interpretazione.$0(OLS)http://pul/subject/37900 830 0$aCommenti al Nuovo Testamento.$0(OLS)http://pul/title/183645 850 $aPUL 852 $aPUL$W1$xDP1 Fondo S. Lanza$y121$m3 L 34$j167882$qFondi$B168441$CPULBib$Z2$F168441 $HLan1255 $82 941 1 $a1 996 $6245$aGesł vittima del potere :$bVangelo secondo Luca$9(OLS)http://pul/title/183647 996 $6260$aLeumann (Torino) :$bElle Di Ci$9(OLS)http://pul/publisher/53685